ბათუმის შოთა რუსთაველის სახელმწიფო უნივერსიტეტის ბიბლიოთეკა

Kokoro / (ბიბ.ჩანაწერი № 63997)

000 -LEADER
fixed length control field 00523nam a22001697a 4500
005 - DATE AND TIME OF LATEST TRANSACTION
control field 20260306102312.0
008 - FIXED-LENGTH DATA ELEMENTS--GENERAL INFORMATION
fixed length control field 260306s2025 enk||||| |||| 00| 0 eng d
020 ## - INTERNATIONAL STANDARD BOOK NUMBER
International Standard Book Number 9784805319796x
041 ## - LANGUAGE CODE
Language code of text/sound track or separate title eng
080 ## - UNIVERSAL DECIMAL CLASSIFICATION NUMBER
Universal Decimal Classification number 821.521-31 N-26
100 ## - MAIN ENTRY--PERSONAL NAME
Personal name Natsume, Soseki
9 (RLIN) 27064
245 ## - TITLE STATEMENT
Title Kokoro /
Statement of responsibility, etc. Soseki Natsume; Translate by Edwin McClellan.
264 ## - PRODUCTION, PUBLICATION, DISTRIBUTION, MANUFACTURE, AND COPYRIGHT NOTICE
Place of production, publication, distribution, manufacture Tokyo :
Name of producer, publisher, distributor, manufacturer Tuttle Publishing,
Date of production, publication, distribution, manufacture, or copyright notice 2025.
300 ## - PHYSICAL DESCRIPTION
Extent 255 p.;
Other physical details 21 cm.
700 ## - ADDED ENTRY--PERSONAL NAME
Personal name McClellan, Edwin
Relator term მთარგმნელი
9 (RLIN) 27065
942 ## - ADDED ENTRY ELEMENTS (KOHA)
Source of classification or shelving scheme
Koha item type წიგნი
ეგზემპლარები
Withdrawn status Lost status Source of classification or shelving scheme Damaged status Not for loan Permanent Location Current Location Shelving location Date acquired Cost, normal purchase price Full call number Barcode Date last seen Copy number Uniform Resource Identifier Price effective from Koha item type Public note
          ბათუმის შოთა რუსთაველის სახელმწიფო უნივერსიტეტის მთავარი ბიბლიოთეკა ბათუმის შოთა რუსთაველის სახელმწიფო უნივერსიტეტის მთავარი ბიბლიოთეკა წიგნსაცავი 2026-03-06 12.00 821.521-31 N-26 73879 2026-03-06 73879 იაპონიის ელჩის საჩუქარი 2026-03-06 წიგნი 12 ლ.